<?xml version="1.0" encoding="UTF-8"?>
<collection xmlns="http://www.loc.gov/MARC21/slim">
 <record>
  <leader>00899nam a22002177a 4500</leader>
  <controlfield tag="001">AAL8255</controlfield>
  <controlfield tag="003">BD-DhAAL</controlfield>
  <controlfield tag="005">20160224103557.0</controlfield>
  <controlfield tag="008">160224s    2010bg ||||| |||| 00| 0 ben d</controlfield>
  <datafield tag="040" ind1=" " ind2=" ">
   <subfield code="a">BD-DhAAL</subfield>
   <subfield code="c">BD-DhAAL</subfield>
  </datafield>
  <datafield tag="082" ind1=" " ind2=" ">
   <subfield code="a">891.4437</subfield>
  </datafield>
  <datafield tag="100" ind1=" " ind2=" ">
   <subfield code="a">সৈয়দ, আবদুল মান্নান </subfield>
   <subfield code="9">18121</subfield>
  </datafield>
  <datafield tag="245" ind1=" " ind2=" ">
   <subfield code="a">আধুনিক পুতুলনাচের ইতিকথা /</subfield>
   <subfield code="c">আবদুল মান্নান সৈয়দ </subfield>
  </datafield>
  <datafield tag="260" ind1=" " ind2=" ">
   <subfield code="a">ঢাকা :</subfield>
   <subfield code="b">সূচীপত্র, </subfield>
   <subfield code="c">২০১০</subfield>
  </datafield>
  <datafield tag="300" ind1=" " ind2=" ">
   <subfield code="a">৪৭ পৃ. ;</subfield>
   <subfield code="c">২২ সে.মি.</subfield>
  </datafield>
  <datafield tag="541" ind1=" " ind2=" ">
   <subfield code="e">8255</subfield>
  </datafield>
  <datafield tag="650" ind1=" " ind2=" ">
   <subfield code="a">Bengali fiction</subfield>
   <subfield code="9">18122</subfield>
  </datafield>
  <datafield tag="852" ind1=" " ind2=" ">
   <subfield code="a">Savar Campus Library</subfield>
   <subfield code="c">General Stacks</subfield>
  </datafield>
  <datafield tag="942" ind1=" " ind2=" ">
   <subfield code="2">ddc</subfield>
   <subfield code="c">BK</subfield>
  </datafield>
  <datafield tag="999" ind1=" " ind2=" ">
   <subfield code="c">36917</subfield>
   <subfield code="d">36917</subfield>
  </datafield>
  <datafield tag="952" ind1=" " ind2=" ">
   <subfield code="0">0</subfield>
   <subfield code="1">0</subfield>
   <subfield code="2">ddc</subfield>
   <subfield code="4">0</subfield>
   <subfield code="6">891_443700000000000_SAY</subfield>
   <subfield code="7">0</subfield>
   <subfield code="9">58133</subfield>
   <subfield code="a">SCL</subfield>
   <subfield code="b">SCL</subfield>
   <subfield code="c">GEN</subfield>
   <subfield code="d">2016-02-24</subfield>
   <subfield code="g">90.00</subfield>
   <subfield code="l">1</subfield>
   <subfield code="m">9</subfield>
   <subfield code="o">891.4437 SAY</subfield>
   <subfield code="p">3020008255</subfield>
   <subfield code="r">2018-11-11</subfield>
   <subfield code="s">2018-09-26</subfield>
   <subfield code="t">1</subfield>
   <subfield code="w">2016-02-24</subfield>
   <subfield code="y">BK</subfield>
  </datafield>
 </record>
</collection>
